|
|
|
|
| LEADER |
00000nam a2200000 a 4500 |
| 001 |
vtls008294133 |
| 003 |
SK-MaSNL |
| 005 |
20260302074134.0 |
| 008 |
240314 000 0 eng |
| 040 |
|
|
|a SNK
|b slo
|c SNK
|e AACR2
|
| 100 |
1 |
|
|a Kitaibel, Pál,
|d 1757-1817
|4 aut
|9 160010
|
| 245 |
1 |
0 |
|a Hydrographica Hungariae
|
| 260 |
|
|
|a Pestini
|b [Typis nobilis J. M. Trattner de Petróza]
|c 1829
|
| 300 |
|
|
|a 316 s.
|
| 999 |
|
|
|c 1163839
|d 1165769
|
| 952 |
|
|
|a SNK
|b SNK
|y PREZ
|7 0
|p 17A0481962
|o snkSC 25391/1
|i snkF 2950/69
|3 Rekatalogizácia
|0 0
|1 0
|4 0
|d 2005-08-11
|l 0
|r 2026-02-24 20:41:20
|w 2026-02-24
|